000 06146nam a2200541 i 4500
001 xb30668153
006 m d
007 cr n
008 200818t20202020enka sb 000 0 eng d
020 _a9781783749690
_q(pdf)
020 _z9781783749676 (pbk.)
020 _z9781783749683 (hbk.)
022 _z2632-6906 (Print)
022 _z2632-6914 (Online)
040 _aStSaUL
_beng
_erda
245 0 0 _aJewish-Muslim intellectual history entangled
_h[electronic resource] :
_btextual materials from the Firkovitch Collection, Saint Petersburg /
_cedited by Camilla Adang, Bruno Chiesa, Omar Hamdan, Wilferd Madelung, Sabine Schmidtke and Jan Thiele.
264 1 _bOpen Book Publishers,
300 _a1 online resource (504 pages) :
_b18 illustrations (some colour)
490 1 _aCambridge Semitic languages and cultures
_x2632-6914 ;
_vvol. 4
500 _aAt head of front cover: Cambridge Semitic languages and cultures.
500 _aAvailable through Open Book Publishers.
504 _aIncludes bibliographical references.
505 0 _aCONTENTS -- LIST OF ILLUSTRATIONS -- Introduction / Camilla Adang, Bruno Chiesa, Omar Hamdan, Wilferd Madelung, Sabine Schmidtke and Jan Thiele -- 1. ʿAbd al-Ǧabbār al-Hamaḏānī commenting on Abū Hāšim al-Ǧubbāʾī -- 2. ʿAbd al-Ǧabbār al-Hamaḏānī commenting on al-Ṣāḥib b. ʿAbbād: Addenda -- 3. Nukat al-Muġnī (vols 1-3), an anonymous abbreviated recension of ʿAbd al-Ǧabbār al-Hamaḏānī's K. al-Muġnī -- 4. ʿAbd Allāh b. Saʿīd al-Labbād on Natural Philosophy -- 5. Al-Uṣūl al-muhaḏḏabiyya, by Sahl b. Faḍl al-Tustarī -- 6. K. Laḏḏāt al-ḏāt fī iṯbāt waḥdat al-ṣifāt, by al-Faḍl b. Mufarraǧ -- 7. Radd Ifḥām al-Yahūd, by an anonymous Rabbanite author -- REFERENCES --ILLUSTRATIONS -- فهرس المحتويات قطع من شرح عبد الجبّار الهمذاني لكتاب مجهول العنوان من تأليف أبي هاشم الجبّائي -- I قطع من شرح عبد الجبّار الهمذاني لكتاب مجهول العنوان من تأليف الصاحب بن عبّاد -- I II III IV V VI VII VIII IX نكت المغني (قطع من المجلّدات ١-٣) مُنْتَقًى مهذّب من كتاب المغني لعبد الجبّار الهمذاني-- I II III IV V VI VII VIII IX X XI XII XIII XIV XV XVI XVII XVIII --قطع من كتاب مجهول العنوان في لطيف الكلام (أحكام الجواهر والأعراض) من تأليف عبد الله بن سعيد اللبّاد -- I II III IV V VI VII VIII IX X XI XII XIII XIV XV XVI XVII XVIII XIX --قطع من الأصول المهذّبية من تأليف سهل بن فضل التستريّ -- I II قطع من كتاب لذّات الذات تأليف الفضل بن مُفَرَّج -- I II III IV V VI VII VIII IX X XI XII -- قطع من رد إفحام اليهود لمؤلّف ربّانيّ مجهول -- I II III IV V VI VII.
506 _aOpen access resource providing free access.
520 _a"Jewish-Muslim Intellectual History Entangled unearths forgotten texts that once belonged to the library of the Karaite community in Cairo. Consigned to oblivion for centuries, many of these manuscripts were sold in the second half of the nineteenth century to the National Library of Russia in St Petersburg, where they remained inaccessible to most scholars until the end of the Cold War. The texts from the Karaite library cover a remarkable spectrum of medieval literary genres and scholarly disciplines, spanning works by Jewish, Muslim and Christian authors, in both Hebrew and Arabic. As such, they provide unique access to an otherwise lost body of literature from the medieval Islamicate world. This timely volume presents, for the first time, edited fragments of six texts by adherents of the Muʿtazila, a school of rational theology that emerged in the eighth century CE, including Karaite copies and recensions of works by Muslim authors, notably ʿAbd al-Jabbār al-Hamadhānī and ʿAbd Allāh b. Saʿīd al-Labbād, as well as original Jewish Muʿtazilī treatises. The collection is concluded by an anonymous Rabbanite refutation of the highly influential polemical tract against Judaism, entitled Ifḥām al-yāhūd. This collection offers unprecedented insights into the intellectual crossroads between Muslims and Jews of the Eastern Mediterranean and the Middle East. It will be an invaluable resource to students and scholars engaged with this period of history."--Publisher's website.
538 _aMode of access: World Wide Web.
540 _aThis work is licensed under a Creative Commons Attribution 4.0 International license (CC BY 4.0). For more detailed information consult the publisher's website.
600 1 0 _aFirkowitsch, Abraham,
_d1786-1874.
650 0 _aIslam
_xManuscripts
_xCollectors and collecting.
650 0 _aIslam
_xRelations
_xJudaism.
650 0 _aIslam
_xTheology.
650 0 _aJudaism
_xRelations
_xIslam.
650 0 _aManuscripts
_xCollectors and collecting
_zRussia
_zSt Petersburg
700 1 _aAdang, Camilla,
_eeditor.
700 1 _aChiesa, Bruno,
_eeditor.
700 1 _aHamdan, Omar,
_eeditor.
700 1 _aMadelung, Wilferd,
_eeditor.
700 1 _aSchmidtke, Sabine,
_eeditor.
700 1 _aThiele, Jan,
_eeditor.
710 2 _aOpen Book Publishers,
_epublisher.
830 0 _aSemitic languages and cultures ;
_vv. 4.
_x2632-6914
856 4 0 _uhttp://doi.org/10.11647/OBP.0214
_zConnect to e-book
856 4 2 _uhttps://www.openbookpublishers.com/shopimages/products/cover/1193.jpg
_zConnect to cover image
999 _c29151
_d29151